000 00910nam a2200301Ia 4500
001 Z_788
003 CHAP
008 220113s1991 xx 000 0 und d
010 _a163882
040 _cCHAP
090 _aTesis A 656
100 _aAltuzar Figueroa, Hernando
_94724
245 _aEvaluación de la forma física del alimento y la suplementación de alfalfa (Medicago sativa) en la engorda de conejos /
_cpor Hernando Altuzar Figueroa
260 _aCd. Juárez, Chih. :
_bEl autor,
_c1991
300 _a37 h.
440 _a
502 _aTesis (Ing. Agr. Esp. en Zootecnia) -- Escuela Superior de Agricultura Hermanos Escobar
503 _a
650 _aAlfalfa como forraje
_93899
650 _aConejos
_xAlimentación I. t.
_9137920
650 _aConejos
_xEngorda
_926363
901 _aTesis A 656
902 _aA
910 _a1991
942 _c2
942 _c2
999 _c163882
_d163882